000 00672nam a2200205 i 4500
001 35835
003 ES-MaACL
005 20260210162430.0
007 t|
008 030214s1907 fr ||||1| fre d
100 1 _aBoullanger, Eugene.
_930920
245 1 0 _aIndustries agricoles de fermentation
_b: brasserie, hydromels /
_cpar Eugene Boullanger ; introduction par P. Regnard.
260 _a[S.l. :
_bs.n.,
_c1907] (
_eCorbeil :
_fCrété)
300 _aXI, 538 p. ;
_c20 cm.
490 1 _aEncyclopédie agricole
700 1 _aRegnard, Paul (
_d1850-1927)
_9150831
830 0 _aEncyclopédie agricole
_9180885
852 _aES-MaACL
_jD-3722
999 _c35835
_d35835